A-Z Geography: containing "can" - Statistics

General Stats
  • This quiz has been taken 21 times
  • The average score is 7 of 26
Answer Stats
Clue Place % Correct
C Obscure country with nothing much in it (6) Canada
85%
D Caribbean island nation (17) Dominican Republic
85%
V The world's smallest country (11) Vatican City
75%
T Italian region where Florence is located (7) Tuscany
65%
A Pacific US territory which produces many NFL players (13 letters) American Samoa
55%
G Spanish holiday island, meaning "large canary" (11) Gran Canaria
55%
S Region of Northern Europe (11) Scandinavia
45%
B Residential area, and huge arts centre, in London (8) Barbican
30%
I Nothing can complete this Argentine town (5) Icaño
20%
H Deep gorge in Idaho named after the Devil's lair (11) Hells Canyon
15%
J Australian village which has a grip on tin; also the name of a bird (6) Jacana
15%
L Disappearing Lord found with me on a Canadian mountain (7) Lucania
15%
M Zurich oarsman holds the key to interior of Mexican state (9) Michoacán
15%
N Village & service station beside Cannock, where anti-virus sticks (11) Norton Canes
15%
O On the right bank, a city in Colombia (5) Ocana
15%
Q University no. 4 that I'm able to attend in Cuba (8) Quivican
15%
W Somerset town where victory can come to a hundred (9) Wincanton
15%
R Tajik district, meaning "Area of non-monarchical subservience" (31) Region of Republican Subordination
10%
X Inland Mexican resort known for tuna fishing (8) Xcanatun
10%
Z Town in Kosovo which has the key for victory in Europe (6) Zvecan
10%
E Turkish president's dog runs away to a province containing metal element (8) Erzincan
5%
P Grenadine that's small in Guinea, where an addition is made (12) Petit Canouan
5%
Y Peruvian town in the north where they perform a mixture of repetitive dances (10) Yanacancha
5%
F Croatian passenger boat heard on the last sea (9) Fericanci
0%
K I go to N. Macedonian village where cuckoo is heard about (10) Kukurecani
0%
U Brazilian river rising higher to fill a can - multiple cans (14) Upper Tocantins
0%
No matching quizzes found
Score Distribution
Percent of People with Each Score
Percentile by Number Answered
Your Score History
You have not taken this quiz